Subject requirements for matriculation in colleges and universities of New York state. (Record no. 21804)
[ view plain ]
| 000 -LEADER | |
|---|---|
| fixed length control field | 00988cam a22002651 4500 |
| 001 - CONTROL NUMBER | |
| control field | e 41000074 |
| 003 - CONTROL NUMBER IDENTIFIER | |
| control field | DLC |
| 005 - DATE AND TIME OF LATEST TRANSACTION | |
| control field | 20260227111230.0 |
| 008 - FIXED-LENGTH DATA ELEMENTS--GENERAL INFORMATION | |
| fixed length control field | 821030s1941 nyu s000 0 eng c |
| 010 ## - LIBRARY OF CONGRESS CONTROL NUMBER | |
| LC control number | e 41000074 |
| 035 ## - SYSTEM CONTROL NUMBER | |
| System control number | (OCoLC)8908841 |
| 040 ## - CATALOGING SOURCE | |
| Original cataloging agency | U.S. Off. of educ. Library |
| Transcribing agency | ICarbS |
| Modifying agency | ICarbS |
| -- | DLC |
| 042 ## - AUTHENTICATION CODE | |
| Authentication code | premarc |
| 050 00 - LIBRARY OF CONGRESS CALL NUMBER | |
| Classification number | LB2351 |
| Item number | .N45 1941 |
| 082 ## - DEWEY DECIMAL CLASSIFICATION NUMBER | |
| Classification number | 371.214747 |
| 110 2# - MAIN ENTRY--CORPORATE NAME | |
| Corporate name or jurisdiction name as entry element | University of the State of New York. |
| 245 10 - TITLE STATEMENT | |
| Title | Subject requirements for matriculation in colleges and universities of New York state. |
| 250 ## - EDITION STATEMENT | |
| Edition statement | <Revised March 1941> |
| 260 ## - PUBLICATION, DISTRIBUTION, ETC. | |
| Place of publication, distribution, etc. | Albany, |
| Name of publisher, distributor, etc. | The University of the state of New York press, |
| Date of publication, distribution, etc. | 1941. |
| 300 ## - PHYSICAL DESCRIPTION | |
| Extent | 48 p. |
| Dimensions | 23 cm. |
| 490 1# - SERIES STATEMENT | |
| Series statement | University of the state of New York bulletin ... |
| Volume/sequential designation | no. 1202 ... December 16, 1940 |
| 650 #0 - SUBJECT ADDED ENTRY--TOPICAL TERM | |
| Topical term or geographic name entry element | Universities and colleges |
| General subdivision | Entrance requirements. |
| 650 #0 - SUBJECT ADDED ENTRY--TOPICAL TERM | |
| Topical term or geographic name entry element | Universities and colleges |
| Geographic subdivision | New York (State) |
| 810 2# - SERIES ADDED ENTRY--CORPORATE NAME | |
| Corporate name or jurisdiction name as entry element | University of the State of New York. |
| Title of a work | Bulletin ; |
| Volume/sequential designation | no. 1202. |
No items available.